000 00356nam a2200145Ia 4500
005 20251222152721.0
008 251222s9999||||xx |||||||||||||| ||spa||
020 _a9788415350484
082 _a800/G26
100 _aGarzón, José
245 0 _aTres Suicidios y Un Mar de Piedra Pomez
250 _a1ra.ed.
264 _bPunto Rojo Libros
942 _cLIB
999 _c29587
_d29587